| 000 | 00536nam a2200181Ia 4500 | ||
|---|---|---|---|
| 008 | 100920s9999 xx 000 0 und d | ||
| 082 |
_b21117 _a891.461 थ 69 |
||
| 100 | _aपोतदार अनुराधा कृष्णा. | ||
| 245 | _aआर्वत. | ||
| 260 |
_bपॉप्युलर प्रकाशन, मुंबई _c1969 |
||
| 300 |
_a67 _bसाधी |
||
| 365 | _b3 | ||
| 520 | _aपदय. | ||
| 630 | _aआर्वत. | ||
| 650 | _aपदय. | ||
| 730 | _aआर्वत. | ||
| 942 | _cBOOK | ||
| 999 |
_c681286 _d681283 |
||